Introduction to horticulture / (Record no. 9381)
[ view plain ]
| 000 -LEADER | |
|---|---|
| fixed length control field | 00536cam a2200217ua 4500 |
| 041 ## - LANGUAGE CODE | |
| Language code of text/sound track or separate title | eng |
| 082 ## - DEWEY DECIMAL CLASSIFICATION NUMBER | |
| Classification number | 635 |
| Item number | NEE/IN |
| 100 ## - MAIN ENTRY--AUTHOR NAME | |
| Personal name | Neelakandan, Kumar . |
| 245 ## - TITLE STATEMENT | |
| Title | Introduction to horticulture / |
| 250 ## - EDITION STATEMENT | |
| Edition statement | 1 / |
| 260 ## - PUBLICATION, DISTRIBUTION, ETC. (IMPRINT) | |
| Place of publication | Nagarcoil : |
| Name of publisher | Rajalakshmi publications , |
| Year of publication | 1986. |
| 300 ## - PHYSICAL DESCRIPTION | |
| Number of Pages | 330 ; . |
| 942 ## - ADDED ENTRY ELEMENTS (KOHA) | |
| Koha item type | Books |
| Withdrawn status | Lost status | Damaged status | Home library | Current library | Shelving location | Date acquired | Full call number | Accession Number | Koha item type |
|---|---|---|---|---|---|---|---|---|---|
| Damaged | KAUAET | KAUAET | Binding Shelf | 29/08/1986 | 635 | 15512 | Books | ||
| Withdrawn | KAUAET | KAUAET | 29/08/1986 | 635 | 15511 | Books | |||
| KAUAET | KAUAET | 29/08/1986 | 635 | 15514 | Books | ||||
| KAUAET | KAUAET | 29/08/1986 | 635 | 15513 | Books |
